00518nam a2200181 a 4500001001300000003000900013005001700022008004100039020001000080082001500090245004300105260005300148300000900201500003500210505003300245650002200278710003600300nice12345678IN_TiNIC20260116011310.0050524s1916 newa grp 000 0 eng  ac10000a269.2bBMP aPresentation of Christianity to Muslim aNew YorkbBOARD of Missionarry Preparationc1916 a142p aincludes index and biblioraphy2 aMethodist church west africa aEvangelistic Work2 aBoard of Missionary Preparation